000 01858cam a2200373 a 4500
001 EDZ0000996544
003 StDuBDS
005 20161031105256.0
006 m||||||||d||||||||
007 cr |||||||||||
008 141202s2012 caua fo| 001|0|eng|d
020 _a9781483387543 (ebook) :
_cNo price
040 _aStDuBDS
_beng
_cStDuBDS
_epn
049 _aAlfaisal Main Library
050 0 _aLB2805
_b.S8144 2012
082 0 4 _a371.200973
_223
100 1 _aStreshly, William A.
245 1 4 _aThe new school management by wandering around
_h[electronic resource] /
_cWilliam A. Streshly, Susan Penny Gray, Larry E. Frase ; foreword by Fenwick W. English.
260 _aThousand Oaks, Calif. :
_bCorwin,
_c[2012]
300 _a1 online resource (xxii, 310 p.) :
_bill.
504 _aIncludes bibliographical references and index.
520 8 _aThe topic of management by wandering around is not new, but the authors' approach is fresh and timely. This current rendition based on the original work by Frase and Hetzel gives new and seasoned administrators smart, practical advice about how to 'wander around' with purpose and develop a more interactive leadership style. This text cites more than 20 well-constructed research studies that show how management by wandering around produces desirable outcomes.
521 _aSpecialized.
588 _aDescription based on print version record.
650 0 _aSchool management and organization
_zUnited States.
650 0 _aEducational leadership
_zUnited States.
655 7 _aElectronic books.
_2local
700 1 _aGray, Susan Penny.
700 1 _aFrase, Larry E.
710 2 _aSage eBooks
776 0 8 _iPrint version :
_z9781412996044
856 4 0 _uhttp://ezproxy.alfaisal.edu/login?url=http://sk.sagepub.com/books/the-new-school-management-by-wandering-around
942 _2lcc
_cEBOOKS
999 _c483258
_d483258